000
00268nam a2200109Ia 4500
008
190216s9999||||xx |||||||||||||| ||und||
100
_a
Surther J Eams
245
0
_a
Eams Athma Veejigalude Roopa Vinjanam
260
_b
Bhasha Institute
650
_a
Botany
942
_c
BK
999
_c
40333
_d
40333